Same Actor, Different Role II Quiz Stats

 Plays Quiz Updated Jun 2, 2016

Challenge
Share
Tweet
Score 0/18 Timer 06:00
14 Plays Today
% Correct
Ashton Kutcher (Michael Kelso & Walden Schmidt)
94.1%
Lisa Kudrow (Phoebe Buffay & Valerie Cherish)
85.8%
John Stamos (Jesse Katsopolis & Jimmy Martino)
82.3%
Tony Danza (Tony Banta & Tony Micelli)
69%
Bea Arthur (Maude Findlay & Dorothy Zbornak)
62.8%
Andy Griffith (Andy Taylor & Ben Matlock)
62.6%
Calista Flockhart (Ally McBeal & Cat Grant)
61.4%
Heather Locklear (Amanda Woodward & Caitlin Moore)
59.8%
Alyssa Milano (Samantha Micelli & Phoebe Halliwell)
58.8%
% Correct
Fred Savage (Kevin Arnold & Stewart Sanderson)
57.5%
James Spader (Alan Shore & Raymond 'Red' Reddington)
56.2%
Johnny Galecki (David Healy & Leonard Hofstadter)
46.7%
Edie Falco (Carmela Soprano & Jackie Peyton)
46.3%
Allison Janney (C. J. Cregg & Bonnie Plunkett)
41.2%
Jane Curtin (Allie Lowell & Mary Albright)
37.6%
Sam Waterston (Jack McCoy & Charlie Skinner)
34.2%
Krysten Ritter (Chloe & Jessica Jones)
27.3%
Amy Ryan (Holly Flax & Beatrice 'Beady' Russell)
13.5%

You're not logged in!

Compare scores with friends on all Sporcle quizzes.
OR
Log In

You Might Also Like...

Show Comments

Extras

Top Quizzes Today


Score Distribution

Your Account Isn't Verified!

In order to create a playlist on Sporcle, you need to verify the email address you used during registration. Go to your Sporcle Settings to finish the process.

Report this User

Report this user for behavior that violates our Community Guidelines.

Details: